Creating effective teams <a> guide for members and leaders

Gespeichert in:
Bibliographische Detailangaben
1. Verfasser: Wheelan, Susan A.
Format: Buch
Sprache:Englisch
Veröffentlicht: Los Angeles SAGE 2015
Ausgabe:5th ed.
Schlagworte:
Tags: Tag hinzufügen
Keine Tags, Fügen Sie das erste Tag hinzu!

MARC

LEADER 00000nam a2200000 4500
001 0205311
005 20240313132809.0
020 |a 978-1-4833-4612-0 
041 0 |a eng 
044 |a US 
245 1 0 |a Creating effective teams  |b <a> guide for members and leaders  |c Susan A. Wheelan 
250 |a 5th ed. 
264 1 |a Los Angeles  |b SAGE  |c 2015 
300 |a 155 s. 
610 2 0 |a tímy pracovné 
610 2 0 |a práca tímová 
610 2 0 |a spolupracovníci 
610 2 0 |a pracovníci riadiaci 
610 2 0 |a lídri 
610 2 0 |a výkony pracovné 
610 2 0 |a efektívnosť práce 
100 1 |a Wheelan, Susan A.